[Event "Xtracon Chess Open 2016"]
[Site "Elsinore"]
[Date "2016.07.30"]
[Round "9.80"]
[White "Hviid, Hans Henrik"]
[Black "Kristensen, Thomas Overgaard"]
[Result "0-1"]
[WhiteElo "1367"]
[BlackElo "1568"]
[PlyCount "96"]
[EventDate "2016.07.23"]

1. e4 c6 2. Nc3 d5 3. d4 dxe4 4. Nxe4 Nf6 5. Nxf6+ gxf6 6. Be3 Bf5 7. Bd3 Bg6
8. Nf3 e6 9. Nh4 Bxd3 10. Qxd3 Bd6 11. O-O Qc7 12. g3 Nd7 13. Bh6 O-O-O 14. c4
Be7 15. Rfc1 Ne5 16. Qc3 Ng6 17. Nxg6 hxg6 18. Bf4 Bd6 19. Be3 Rh5 20. c5 Be7
21. Bf4 Qd7 22. Rc2 Qxd4 23. Qa5 e5 24. Be3 Qg4 25. Qe1 e4 26. f3 exf3 27. Rf2
Re5 28. Qc3 Qe4 29. Re1 Bxc5 30. Bxc5 Qxe1+ 31. Qxe1 Rxe1+ 32. Rf1 Rxf1+ 33.
Kxf1 Rd2 34. Bxa7 Rxh2 35. Bd4 f5 36. a3 Kd7 37. a4 Ke6 38. Bb6 g5 39. Kg1 Rh5
40. Bf2 f4 41. gxf4 g4 42. Bg3 Kf5 43. Kf2 Ke4 44. Kg1 Ke3 45. Bf2+ Ke2 46. Bg3
Rh3 47. Bf2 g3 48. b4 gxf2# 0-1

[Event "Xtracon Chess Open 2016"]
[Site "Elsinore"]
[Date "2016.07.30"]
[Round "9.81"]
[White "Holleland, Sigve"]
[Black "Kyrkjebo, Marte Bakken"]
[Result "1-0"]
[WhiteElo "2087"]
[BlackElo "1860"]
[PlyCount "77"]
[EventDate "2016.07.23"]

1. d4 d5 2. c4 c6 3. cxd5 cxd5 4. Nc3 Nf6 5. f3 Nc6 6. e4 e6 7. e5 Nd7 8. f4
Be7 9. Nf3 Nb6 10. Bd3 O-O 11. O-O Bd7 12. g4 f6 13. Qc2 f5 14. gxf5 exf5 15.
a3 Be6 16. b4 Rc8 17. Qd2 Qd7 18. Ne2 Nd8 19. Qe1 Bf7 20. Nh4 g6 21. Qg3 Kh8
22. Qh3 Be8 23. Kh1 Bxh4 24. Qxh4 Ne6 25. Qf2 Qf7 26. Be3 Ba4 27. Rfc1 Qd7 28.
Nc3 a6 29. Nxa4 Qxa4 30. Qb2 Qd7 31. b5 axb5 32. Bxb5 Qf7 33. Be2 Nc4 34. Bxc4
dxc4 35. d5 Nc5 36. e6+ Qg7 37. Bd4 Nd3 38. Bxg7+ Kg8 39. Qd4 1-0

[Event "Xtracon Chess Open 2016"]
[Site "Elsinore"]
[Date "2016.07.30"]
[Round "9.82"]
[White "Kyrkjebo, Eirik"]
[Black "Roder, Peter"]
[Result "0-1"]
[WhiteElo "1590"]
[BlackElo "2056"]
[PlyCount "110"]
[EventDate "2016.07.23"]

1. e4 c5 2. Nc3 Nc6 3. Bb5 Na5 4. Nf3 a6 5. Be2 Nc6 6. d4 cxd4 7. Nxd4 d6 8.
O-O e5 9. Nb3 Nf6 10. Bg5 Be7 11. Qd2 O-O 12. Rad1 Ne8 13. Bxe7 Nxe7 14. Nc5
Ng6 15. Nd3 Be6 16. f4 exf4 17. Nxf4 Nxf4 18. Rxf4 Qb6+ 19. Kh1 Qxb2 20. Rb1
Qa3 21. Rxb7 Bxa2 22. Nd5 Bxd5 23. exd5 Qa1+ 24. Rf1 Qe5 25. Bd3 Nf6 26. Rf5
Qa1+ 27. Rf1 Qa2 28. Rf5 Rab8 29. Ra7 Rb1+ 30. Rf1 Qa1 31. Qf2 a5 32. h3 Rxf1+
33. Qxf1 Qc3 34. Qf3 Qc5 35. Ra6 Nxd5 36. c4 Nb4 37. Qe4 g6 38. Ra8 Rxa8 39.
Qxa8+ Kg7 40. Be2 Qe5 41. Qf3 Nc2 42. Qd3 Nd4 43. Bd1 h5 44. Ba4 h4 45. Qc3 Ne6
46. Qxe5+ dxe5 47. Kg1 Nc5 48. Bc2 Kf6 49. Kf2 e4 50. Ke3 Ke5 51. Bb1 f5 52.
Ba2 f4+ 53. Kf2 Kd4 54. Kf1 Kc3 55. Bb1 Kb2 0-1

[Event "Xtracon Chess Open 2016"]
[Site "Elsinore"]
[Date "2016.07.30"]
[Round "9.83"]
[White "Skjoldager, Mikael"]
[Black "Rasdal, Yngve"]
[Result "1-0"]
[WhiteElo "2054"]
[BlackElo "1794"]
[PlyCount "51"]
[EventDate "2016.07.23"]

1. e4 e5 2. Nf3 Nc6 3. Bb5 a6 4. Ba4 d6 5. O-O Bd7 6. c3 Nge7 7. d4 g6 8. Bg5
Bg7 9. Na3 h6 10. Be3 O-O 11. Qd2 Kh7 12. Bc2 f5 13. dxe5 Nxe5 14. Nxe5 dxe5
15. Rad1 Be6 16. Bc5 Qe8 17. exf5 gxf5 18. Qe2 b6 19. Be3 Kh8 20. Bxh6 Qg6 21.
Bxg7+ Qxg7 22. Rd3 f4 23. Qh5+ Kg8 24. Rfd1 Bg4 25. Bb3+ Rf7 26. Rd8+ 1-0

[Event "Xtracon Chess Open 2016"]
[Site "Elsinore"]
[Date "2016.07.30"]
[Round "9.84"]
[White "Nielsen, Andre"]
[Black "Andberg, Tor Arne Heim"]
[Result "1/2-1/2"]
[WhiteElo "2047"]
[BlackElo "1727"]
[PlyCount "61"]
[EventDate "2016.07.23"]

1. e4 c5 2. Nf3 d6 3. d4 cxd4 4. Nxd4 Nf6 5. Nc3 a6 6. Bc4 e6 7. Bb3 b5 8. O-O
Be7 9. Qf3 Qb6 10. Be3 Qb7 11. Qg3 b4 12. Na4 Nbd7 13. f3 O-O 14. Rad1 Re8 15.
Kh1 Kh8 16. Qf2 d5 17. exd5 Nxd5 18. Bxd5 Qxd5 19. Nb3 Qb5 20. Nac5 Nxc5 21.
Nxc5 Bb7 22. Nxb7 Qxb7 23. Rd2 Red8 24. Rfd1 Rxd2 25. Qxd2 Kg8 26. Qd7 Qxd7 27.
Rxd7 Kf8 28. Kg1 Rc8 29. Rd2 Bc5 30. Kf2 Ke7 31. Bxc5+ 1/2-1/2

[Event "Xtracon Chess Open 2016"]
[Site "Elsinore"]
[Date "2016.07.30"]
[Round "9.85"]
[White "Svane, Frederik"]
[Black "Sajjadi, Kimiya"]
[Result "1-0"]
[WhiteElo "2044"]
[BlackElo "1860"]
[PlyCount "33"]
[EventDate "2016.07.23"]

1. e4 e6 2. d4 d5 3. Nd2 c5 4. exd5 Qxd5 5. Ngf3 cxd4 6. Bc4 Qd8 7. O-O Nc6 8.
Qe2 a6 9. a4 Nf6 10. Nb3 Qc7 11. Rd1 Bd6 12. Nbxd4 Nxd4 13. Rxd4 O-O 14. Bg5 e5
15. Rh4 e4 16. Bxf6 exf3 17. Qe4 1-0

[Event "Xtracon Chess Open 2016"]
[Site "Elsinore"]
[Date "2016.07.30"]
[Round "9.86"]
[White "Choong, Liong-On Mark"]
[Black "Muhsen, Abdulla.mohmmed"]
[Result "0-1"]
[WhiteElo "1944"]
[BlackElo "2227"]
[PlyCount "58"]
[EventDate "2016.07.23"]

1. c4 g6 2. g3 Bg7 3. Bg2 f5 4. Nc3 e5 5. e4 d6 6. Nge2 Nc6 7. d3 Be6 8. Nd5
Nce7 9. O-O c6 10. exf5 Nxf5 11. Ne3 Nge7 12. Rb1 O-O 13. b3 Qd7 14. Bb2 d5 15.
Rc1 Rad8 16. Nxf5 Bxf5 17. Nc3 Bh6 18. Ra1 dxc4 19. dxc4 Qe6 20. Qe1 Bd3 21.
Ne4 b6 22. Qc3 Bxf1 23. Rxf1 Bg7 24. Ng5 Qf5 25. h4 Qf6 26. Ne4 Qe6 27. Ng5 Qd6
28. Bh3 Nf5 29. Re1 e4 0-1

[Event "Xtracon Chess Open 2016"]
[Site "Elsinore"]
[Date "2016.07.30"]
[Round "9.87"]
[White "Kaasen, Tor Fredrik"]
[Black "Hjornevik, Knut J"]
[Result "1-0"]
[WhiteElo "2219"]
[BlackElo "1945"]
[PlyCount "49"]
[EventDate "2016.07.23"]

1. d4 e6 2. c4 Nf6 3. Nc3 Bb4 4. Qc2 O-O 5. Nf3 c5 6. dxc5 Qa5 7. Bd2 Na6 8. e3
Qc7 9. a3 Bxc5 10. Bd3 Be7 11. b4 b6 12. e4 d6 13. Nb5 Qd8 14. e5 dxe5 15. Nxe5
Bb7 16. O-O-O Nc7 17. Bf4 Nxb5 18. Bxh7+ Nxh7 19. Rxd8 Rfxd8 20. cxb5 Rd5 21.
Nc6 Bf6 22. Rd1 Rc8 23. Rxd5 exd5 24. Qf5 a6 25. Qd7 1-0

[Event "Xtracon Chess Open 2016"]
[Site "Elsinore"]
[Date "2016.07.30"]
[Round "9.88"]
[White "Petersen, Peter Birk"]
[Black "McAndrew, Robert"]
[Result "1/2-1/2"]
[WhiteElo "2197"]
[BlackElo "1939"]
[PlyCount "138"]
[EventDate "2016.07.23"]

1. e4 c5 2. Nf3 e6 3. d4 cxd4 4. Nxd4 a6 5. Nc3 Qc7 6. Bd3 Nf6 7. Qe2 d6 8. O-O
Be7 9. Kh1 Bd7 10. f4 Nc6 11. Nf3 Kf8 12. Bd2 h5 13. f5 Kg8 14. Bg5 Re8 15. Qd2
h4 16. fxe6 Bxe6 17. Rad1 h3 18. g3 Qa5 19. Be2 Rh5 20. Bf4 d5 21. e5 d4 22.
Nxd4 Rxe5 23. Bxe5 Qxe5 24. Nxe6 Qxe6 25. Qf4 Ne5 26. Bf3 Nxf3 27. Qxf3 Bb4 28.
Nd5 Nxd5 29. Rxd5 f6 30. a3 Bf8 31. Rd2 Kh7 32. g4 Qe4 33. Qxe4+ Rxe4 34. Rd3
Rxg4 35. Rxh3+ Kg8 36. Rd3 b6 37. c3 Kf7 38. Re1 f5 39. Rd7+ Kf6 40. Rb7 Bc5
41. Rd7 a5 42. b4 axb4 43. axb4 Bf2 44. Rf1 Be3 45. Rd3 Re4 46. Kg2 g5 47. h3
Bf4 48. Rf2 Rc4 49. Ra2 Be5 50. Ra6 Bxc3 51. Rxb6+ Ke5 52. b5 Bd4 53. Rb8 Ke4
54. Rd2 Ke3 55. Ra2 Rb4 56. Re8+ Kf4 57. Rb8 Ke4 58. Rb7 Rb1 59. b6 Rxb6 60.
Rxb6 Bxb6 61. Ra8 Bd4 62. Ra4 f4 63. Ra3 Be3 64. Ra4+ Bd4 65. Rb4 f3+ 66. Kg3
f2 67. Kg2 Ke5 68. Ra4 Ke4 69. Ra8 Ke5 1/2-1/2

[Event "Xtracon Chess Open 2016"]
[Site "Elsinore"]
[Date "2016.07.30"]
[Round "9.89"]
[White "Wilbrandt, Simon Pil"]
[Black "Nielsen, Carsten Juul"]
[Result "1-0"]
[WhiteElo "2190"]
[BlackElo "1939"]
[PlyCount "49"]
[EventDate "2016.07.23"]

1. d4 Nf6 2. c4 e6 3. Nc3 Bb4 4. f3 O-O 5. e4 d6 6. Bd3 e5 7. a3 Bxc3+ 8. bxc3
Nc6 9. Ne2 b6 10. O-O Ba6 11. f4 Re8 12. fxe5 dxe5 13. d5 Na5 14. Bg5 Qd6 15.
Bxf6 gxf6 16. Ng3 Kh8 17. Qh5 Rg8 18. Rf3 Rg5 19. Qh4 Rag8 20. Raf1 R8g6 21.
Kh1 Rg4 22. Qh3 Bxc4 23. Bxc4 Nxc4 24. Nh5 Nd2 25. Nxf6 1-0

[Event "Xtracon Chess Open 2016"]
[Site "Elsinore"]
[Date "2016.07.30"]
[Round "9.90"]
[White "Bluebaum, Johanna"]
[Black "Vesterli, Michael E"]
[Result "1-0"]
[WhiteElo "1939"]
[BlackElo "2141"]
[PlyCount "85"]
[EventDate "2016.07.23"]

1. d4 Nf6 2. c4 g6 3. Nc3 Bg7 4. e4 d6 5. Nf3 O-O 6. Be2 e5 7. dxe5 dxe5 8.
Qxd8 Rxd8 9. Bg5 Re8 10. Nd5 Nxd5 11. cxd5 c6 12. Bc4 cxd5 13. Bxd5 Nd7 14. Nd2
Nc5 15. O-O-O Be6 16. Bxe6 Nxe6 17. Be3 Bf8 18. Kb1 Bc5 19. Nc4 Re7 20. Bxc5
Nxc5 21. f3 Rc8 22. b3 f6 23. Rd6 Kg7 24. Rhd1 f5 25. exf5 gxf5 26. Ne3 Rf8 27.
R1d5 b6 28. Kb2 f4 29. Ng4 e4 30. fxe4 Nxe4 31. Rd7 Rff7 32. Rxe7 Rxe7 33. Re5
Rxe5 34. Nxe5 Nf6 35. Kc3 Nd5+ 36. Kd4 Nb4 37. a4 Nc2+ 38. Ke4 Ne1 39. Kxf4
Nxg2+ 40. Ke4 Kf6 41. Nc6 a5 42. Ne5 Ke6 43. Nc4 1-0

[Event "Xtracon Chess Open 2016"]
[Site "Elsinore"]
[Date "2016.07.30"]
[Round "9.91"]
[White "Schultz Pedersen, Jesper"]
[Black "Saltvedt, Martin"]
[Result "1/2-1/2"]
[WhiteElo "2121"]
[BlackElo "1935"]
[PlyCount "36"]
[EventDate "2016.07.23"]

1. e4 c5 2. b4 e6 3. bxc5 Bxc5 4. d4 Be7 5. Bd3 Nc6 6. c3 Nf6 7. Ne2 b6 8. Ng3
Bb7 9. O-O d6 10. f4 O-O 11. e5 Nd5 12. Kh1 f6 13. Qh5 f5 14. exd6 Bxd6 15. Qe2
Rf6 16. Qe1 Qc7 17. Ne2 Na5 18. Na3 a6 1/2-1/2

[Event "Xtracon Chess Open 2016"]
[Site "Elsinore"]
[Date "2016.07.30"]
[Round "9.92"]
[White "Nielsen, Jorgen Lovgren"]
[Black "Jarlnaes, Erik"]
[Result "1-0"]
[WhiteElo "2085"]
[BlackElo "1928"]
[PlyCount "63"]
[EventDate "2016.07.23"]

1. e4 e6 2. d4 d5 3. Nd2 c5 4. exd5 exd5 5. Ngf3 Nf6 6. Bb5+ Bd7 7. Bxd7+ Nbxd7
8. O-O Be7 9. Re1 O-O 10. c3 Re8 11. Ne5 cxd4 12. cxd4 Bd6 13. Ndf3 Ne4 14. Bf4
Nb6 15. Qb3 Qf6 16. Bg3 Nxg3 17. hxg3 Rac8 18. Qb5 Bxe5 19. Nxe5 a6 20. Qb3 Qd6
21. Nd3 Qf6 22. Nc5 Qc6 23. Rac1 a5 24. Qc3 Nc4 25. Rxe8+ Rxe8 26. b3 Nd6 27.
Qxa5 b6 28. Qa4 Nb5 29. Nd3 Qd7 30. Ne5 Qe6 31. Qxb5 f6 32. Nf3 1-0

[Event "Xtracon Chess Open 2016"]
[Site "Elsinore"]
[Date "2016.07.30"]
[Round "9.93"]
[White "Linderod, Lars Erik"]
[Black "Stray, Gunnar"]
[Result "0-1"]
[WhiteElo "1935"]
[BlackElo "2074"]
[PlyCount "110"]
[EventDate "2016.07.23"]

1. e4 c5 2. Nf3 e6 3. Nc3 Nc6 4. d4 cxd4 5. Nxd4 Qc7 6. Be3 a6 7. Bd3 Nf6 8.
O-O Nxd4 9. Bxd4 Bc5 10. Bxc5 Qxc5 11. Qe2 d6 12. a4 b6 13. Kh1 h5 14. Rae1 Bb7
15. Na2 Ng4 16. b4 Qc7 17. f3 Ne5 18. f4 Nd7 19. e5 g5 20. exd6 Qxd6 21. fxg5
Qd5 22. Be4 Qxe4 23. Qxe4 Bxe4 24. Rxe4 Rg8 25. h4 Rc8 26. c3 Ke7 27. Ref4 Ne5
28. Rd4 Rgd8 29. Rfd1 Rxd4 30. Rxd4 Ng4 31. Kg1 e5 32. Rd3 Ke6 33. Kf1 Rc4 34.
g3 a5 35. Ke2 e4 36. Rd8 axb4 37. Nxb4 Rxc3 38. Rb8 Rxg3 39. Rxb6+ Kf5 40. Rb5+
Ke6 41. Rb6+ Ke5 42. a5 Rg2+ 43. Kd1 Ne3+ 44. Kc1 Nc4 45. Rf6 Kd4 46. a6 Kc3
47. Nd5+ Kb3 48. Kd1 Rd2+ 49. Ke1 Rxd5 50. Rxf7 Ra5 51. Ra7 Ne5 52. Ke2 Kc4 53.
Rc7+ Kd4 54. a7 Ra2+ 55. Ke1 e3 0-1

[Event "Xtracon Chess Open 2016"]
[Site "Elsinore"]
[Date "2016.07.30"]
[Round "9.94"]
[White "Edvardsen, Ragnar"]
[Black "Brondum, Eric"]
[Result "1/2-1/2"]
[WhiteElo "1924"]
[BlackElo "2068"]
[PlyCount "84"]
[EventDate "2016.07.23"]

1. e4 c5 2. Nf3 d6 3. d4 cxd4 4. Nxd4 Nf6 5. Nc3 g6 6. Be3 Bg7 7. Be2 O-O 8.
O-O Nc6 9. Nb3 Be6 10. f4 a5 11. a4 Nb4 12. Nd4 Bd7 13. Kh1 Rc8 14. Bf3 h5 15.
f5 Nc6 16. Nxc6 bxc6 17. Qd2 Kh7 18. Rad1 Rb8 19. b3 Qc7 20. Bg5 Rb4 21. e5
dxe5 22. Bxf6 Rd4 23. Qe2 Bxf6 24. Be4 Kg7 25. Rf3 Rxd1+ 26. Nxd1 g5 27. Rh3 h4
28. Nf2 Rd8 29. g3 Rh8 30. Ng4 hxg3 31. Rxh8 Kxh8 32. hxg3 Qd6 33. Qh2+ Kg8 34.
Nh6+ Kf8 35. Qh5 Be8 36. Qe2 c5 37. Ng4 Bg7 38. Qf3 c4 39. Ne3 cxb3 40. cxb3
Qb4 41. Nd5 Qe1+ 42. Kh2 Bc6 1/2-1/2

[Event "Xtracon Chess Open 2016"]
[Site "Elsinore"]
[Date "2016.07.30"]
[Round "9.95"]
[White "Schrodt, Sebastian"]
[Black "Meyer, Juergen"]
[Result "0-1"]
[WhiteElo "2060"]
[BlackElo "1925"]
[PlyCount "152"]
[EventDate "2016.07.23"]

1. Nf3 f5 2. c4 Nf6 3. Nc3 g6 4. g3 Bg7 5. Bg2 O-O 6. O-O d6 7. Qc2 e5 8. d3
Nc6 9. Rb1 h6 10. b4 g5 11. b5 Ne7 12. c5 Ng6 13. Qb3+ Kh8 14. cxd6 cxd6 15. b6
Qxb6 16. Qxb6 axb6 17. Rxb6 d5 18. Nxd5 Rxa2 19. Nb4 Ra4 20. Nd2 Rf7 21. Nc4
Bf8 22. Nd5 Ra6 23. Bb2 Nd7 24. Rxg6 Rxg6 25. Bxe5+ Kh7 26. Rb1 Re6 27. d4 Nxe5
28. Nxe5 Rg7 29. Nb6 Re8 30. g4 Bd6 31. gxf5 Bxe5 32. Nxc8 Bxd4 33. e3 Bc5 34.
Nb6 Rf7 35. Na4 b6 36. Nxc5 bxc5 37. e4 c4 38. Rc1 Rc7 39. Rc3 Kg7 40. f3 Kf6
41. Bf1 Rec8 42. Kf2 Ke5 43. Ke3 h5 44. h3 Rb8 45. Bxc4 h4 46. Kd3 Rd8+ 47. Bd5
Rxc3+ 48. Kxc3 Rb8 49. Bb3 Ra8 50. Kd2 Ra1 51. Bd1 Ra3 52. Ke2 Ra2+ 53. Kf1 Rd2
54. Be2 Rb2 55. Kf2 Rb1 56. Bd3 Rd1 57. Be2 Ra1 58. Bf1 Rc1 59. Be2 Rc3 60. Bd1
Ra3 61. Be2 Rb3 62. Bc4 Rb2+ 63. Be2 Rb6 64. Ke3 Rb1 65. Kf2 Kd4 66. f4 gxf4
67. Kf3 Ke5 68. Kg4 Kxe4 69. f6 Ke3 70. f7 Rb8 71. Bb5 Rf8 72. Be8 f3 73. Kxh4
f2 74. Bb5 Rxf7 75. Kg5 Rd7 76. Bc4 Rd3 0-1

[Event "Xtracon Chess Open 2016"]
[Site "Elsinore"]
[Date "2016.07.30"]
[Round "9.96"]
[White "Salerno, Christian"]
[Black "Johansen, Johnny Holler"]
[Result "1-0"]
[WhiteElo "2052"]
[BlackElo "1919"]
[PlyCount "85"]
[EventDate "2016.07.23"]

1. e4 c5 2. Nf3 Nc6 3. d4 cxd4 4. Nxd4 e5 5. Nb5 d6 6. N1c3 Nf6 7. Bg5 a6 8.
Na3 b5 9. Bxf6 gxf6 10. Nd5 Be6 11. c3 Bxd5 12. Qxd5 Ne7 13. Qd3 Qc7 14. g3 Bh6
15. Bg2 O-O 16. O-O Rfd8 17. Rfd1 Rab8 18. Nc2 a5 19. a3 Qb6 20. Qf3 Bg7 21.
Rd3 d5 22. Rxd5 Nxd5 23. exd5 Bh6 24. Qf5 Bg7 25. Be4 h6 26. Ne3 Kf8 27. Rd1
Qd6 28. Rd3 Rbc8 29. Qg4 f5 30. Nxf5 Qg6 31. Qf3 Qf6 32. Qe2 Rc4 33. b3 Rc5 34.
d6 Rd7 35. Qe3 Rc8 36. Qb6 Qd8 37. Qxb5 Rb8 38. Qd5 Qb6 39. Nxg7 Kxg7 40. Qxe5+
Kg8 41. Qf6 Qxb3 42. Qxh6 f5 43. Bd5+ 1-0

[Event "Xtracon Chess Open 2016"]
[Site "Elsinore"]
[Date "2016.07.30"]
[Round "9.97"]
[White "Ramkilde, Mikael"]
[Black "Stake Larsen, Gunnar"]
[Result "0-1"]
[WhiteElo "1907"]
[BlackElo "2034"]
[PlyCount "54"]
[EventDate "2016.07.23"]

1. e4 c5 2. Nf3 e6 3. d3 Nc6 4. g3 d6 5. Bg2 Nf6 6. O-O Be7 7. Nc3 a6 8. a4 e5
9. Ne2 O-O 10. c3 d5 11. exd5 Nxd5 12. Qb3 Nc7 13. Rd1 Ne6 14. Be3 Bf6 15. Rd2
Qe7 16. a5 Qc7 17. Qa4 Bd7 18. h4 Ncd4 19. Qd1 Nxe2+ 20. Qxe2 h6 21. Nh2 Be7
22. Qh5 f5 23. Bxh6 Be8 24. Qe2 gxh6 25. Bd5 Bf7 26. Qf3 Ng7 27. Bxb7 e4 0-1

[Event "Xtracon Chess Open 2016"]
[Site "Elsinore"]
[Date "2016.07.30"]
[Round "9.98"]
[White "Weber, Samuel"]
[Black "Keen, Cosima"]
[Result "1-0"]
[WhiteElo "2031"]
[BlackElo "1918"]
[PlyCount "64"]
[EventDate "2016.07.23"]

1. e4 c6 2. d3 d5 3. Nd2 e5 4. Ngf3 Qc7 5. g3 Bd6 6. Bg2 Nf6 7. O-O O-O 8. b3
a5 9. a4 Nbd7 10. Re1 dxe4 11. dxe4 b5 12. Bb2 Ba6 13. Nf1 Bc5 14. N3d2 Nb6 15.
Bc3 b4 16. Bb2 Rfd8 17. Qf3 Bd4 18. Bxd4 Rxd4 19. Qf5 Bxf1 20. Nxf1 Rad8 21. f4
Nbd7 22. Rad1 c5 23. Ne3 g6 24. Qg5 exf4 25. gxf4 Re8 26. e5 Nh5 27. Nd5 Qd8
28. Qxd8 Rxd8 29. Ne7+ Kf8 30. Nc6 Rxd1 31. Rxd1 Rc8 32. Rxd7 Rxc6 1-0

[Event "Xtracon Chess Open 2016"]
[Site "Elsinore"]
[Date "2016.07.30"]
[Round "9.99"]
[White "Jacobsen, Fredrik Beer"]
[Black "Marthedal, Anton Mehmet Yildiz"]
[Result "1/2-1/2"]
[WhiteElo "2028"]
[BlackElo "1891"]
[PlyCount "73"]
[EventDate "2016.07.23"]

1. e4 c6 2. d4 d5 3. Nc3 dxe4 4. Nxe4 Bf5 5. Ng3 Bg6 6. h4 h6 7. Nf3 Nd7 8. h5
Bh7 9. Bd3 Bxd3 10. Qxd3 e6 11. Bd2 Ngf6 12. c4 Be7 13. O-O-O Qc7 14. Kb1 a5
15. Ne4 Nxe4 16. Qxe4 Nf6 17. Qe2 Bb4 18. Ne5 Bxd2 19. Rxd2 Nd7 20. Nxd7 Qxd7
21. Rhd1 O-O-O 22. Qe5 Qc7 23. Qxg7 Qf4 24. Qe5 Qxe5 25. dxe5 Rxd2 26. Rxd2 Rg8
27. f3 Rg5 28. g4 Rxe5 29. Kc2 Kc7 30. Kc3 c5 31. Rd1 Re2 32. a4 Re3+ 33. Rd3
Re2 34. Rd2 Re3+ 35. Rd3 Re2 36. Rd2 Re3+ 37. Rd3 1/2-1/2

[Event "Xtracon Chess Open 2016"]
[Site "Elsinore"]
[Date "2016.07.30"]
[Round "9.100"]
[White "Pallesen, Jacob"]
[Black "Thybo, Thomas Sondergaard"]
[Result "1/2-1/2"]
[WhiteElo "2026"]
[BlackElo "1886"]
[PlyCount "75"]
[EventDate "2016.07.23"]

1. e4 g6 2. d4 Bg7 3. Nf3 d6 4. Bc4 Nf6 5. Qe2 c5 6. e5 dxe5 7. dxe5 Nd5 8. O-O
e6 9. Rd1 O-O 10. Bg5 Qb6 11. Nc3 Nxc3 12. bxc3 Nd7 13. Be7 Re8 14. Bd6 a6 15.
a4 Qa5 16. Qe3 Bf8 17. Bxf8 Nxf8 18. Ng5 Bd7 19. Ne4 Red8 20. Nd6 Bc6 21. h4 h5
22. g4 hxg4 23. Be2 Nd7 24. Bxg4 Kg7 25. Qf4 Rf8 26. h5 Qxc3 27. Nc4 b5 28.
axb5 axb5 29. Rxa8 Rxa8 30. Rxd7 Ra1+ 31. Rd1 Rxd1+ 32. Bxd1 Qe1+ 33. Kh2 Qh1+
34. Kg3 Qg2+ 35. Kh4 Qh1+ 36. Kg3 Qg2+ 37. Kh4 Qh1+ 38. Kg3 1/2-1/2

[Event "Xtracon Chess Open 2016"]
[Site "Elsinore"]
[Date "2016.07.30"]
[Round "9.101"]
[White "Janse, Alexander"]
[Black "Andersen, Daniel"]
[Result "1-0"]
[WhiteElo "2017"]
[BlackElo "1875"]
[PlyCount "81"]
[EventDate "2016.07.23"]

1. Nf3 Nf6 2. g3 g6 3. Bg2 Bg7 4. O-O O-O 5. Re1 d5 6. d3 c5 7. Nbd2 Nc6 8. e4
e5 9. exd5 Nxd5 10. Nc4 Re8 11. a4 b6 12. Bd2 Qd7 13. Ng5 f5 14. Qf3 Nde7 15.
Bc3 Rb8 16. Nxe5 Nxe5 17. Bxe5 Bxe5 18. Rxe5 Bb7 19. Qf4 Bxg2 20. Kxg2 Nc6 21.
Qc4+ Kg7 22. Rxe8 Rxe8 23. Nf3 Nd4 24. Nxd4 cxd4 25. a5 b5 26. Qc5 Kf6 27. c4
dxc3 28. Qxc3+ Kf7 29. Rc1 Qd5+ 30. Kg1 Kg8 31. Qc5 Qxd3 32. Qxa7 Qd2 33. Qc5
Qxb2 34. a6 Re7 35. Kg2 b4 36. Rd1 Qe2 37. Rd8+ Kg7 38. Qd4+ Kh6 39. Qf4+ Kg7
40. Qd6 Kh6 41. a7 1-0

[Event "Xtracon Chess Open 2016"]
[Site "Elsinore"]
[Date "2016.07.30"]
[Round "9.102"]
[White "Lunde, Sigmund"]
[Black "Kristensen, Kjell Ole"]
[Result "1-0"]
[WhiteElo "1894"]
[BlackElo "2006"]
[PlyCount "79"]
[EventDate "2016.07.23"]

1. Nf3 c5 2. c3 e6 3. d4 d5 4. Bf4 Nc6 5. e3 Nf6 6. h3 Be7 7. Nbd2 O-O 8. Bd3
Bd6 9. Ne5 Ne7 10. Bg5 Ng6 11. f4 Be7 12. h4 Nxe5 13. dxe5 Nd7 14. Qh5 g6 15.
Qh6 f5 16. h5 Bxg5 17. fxg5 Nxe5 18. hxg6 Qe7 19. gxh7+ Kh8 20. Be2 Nf7 21.
Qf6+ Qxf6 22. gxf6 Ng5 23. O-O-O Rxf6 24. Rh4 Rf7 25. Rdh1 Nxh7 26. Bh5 Rg7 27.
Be8 Kg8 28. Bg6 Rxg6 29. Rxh7 Rxg2 30. Rh8+ Kf7 31. Nf3 b6 32. R1h7+ Kf6 33.
Rf8+ Kg6 34. Rhh8 Rf2 35. Rhg8+ Kh6 36. Rh8+ Kg7 37. Ne5 Re2 38. Rhg8+ Kh7 39.
Rg3 a5 40. Rf7+ 1-0

[Event "Xtracon Chess Open 2016"]
[Site "Elsinore"]
[Date "2016.07.30"]
[Round "9.103"]
[White "Higgs, Joshua"]
[Black "Stuhlmann, Alexander"]
[Result "1/2-1/2"]
[WhiteElo "2003"]
[BlackElo "1873"]
[PlyCount "70"]
[EventDate "2016.07.23"]

1. e4 Nf6 2. e5 Nd5 3. d4 d6 4. c4 Nb6 5. exd6 exd6 6. Nc3 Be7 7. Be3 Nc6 8.
Rc1 Bf5 9. Nf3 O-O 10. d5 Ne5 11. Nxe5 dxe5 12. Be2 Nd7 13. O-O a5 14. Bd3 Bxd3
15. Qxd3 f5 16. f3 Nc5 17. Qc2 b6 18. Rfe1 Bd6 19. Kh1 Qh4 20. Bxc5 Bxc5 21.
Nb5 Bf2 22. Re2 Bg3 23. h3 e4 24. fxe4 f4 25. Nd4 f3 26. Nxf3 Rxf3 27. gxf3
Qxh3+ 28. Kg1 Rf8 29. c5 Rf6 30. Rg2 Rh6 31. Kf1 Rf6 32. Qc3 Qh1+ 33. Rg1 Rxf3+
34. Ke2 Rf2+ 35. Kd3 Rf3+ 1/2-1/2

[Event "Xtracon Chess Open 2016"]
[Site "Elsinore"]
[Date "2016.07.30"]
[Round "9.104"]
[White "Krokay, Urszula"]
[Black "Skovgaard, Andreas"]
[Result "1-0"]
[WhiteElo "2003"]
[BlackElo "1868"]
[PlyCount "59"]
[EventDate "2016.07.23"]

1. Nf3 d5 2. c4 c6 3. b3 Nf6 4. Bb2 g6 5. g3 Bg7 6. Bg2 O-O 7. O-O Re8 8. d3 a5
9. a3 Nbd7 10. Nc3 e5 11. Nd2 d4 12. Na2 Nc5 13. Qc2 Bg4 14. b4 Ne6 15. Nb3 a4
16. Na5 Rxa5 17. bxa5 Nc5 18. a6 Nxa6 19. h3 Bh5 20. Bc1 Nc5 21. Bg5 h6 22.
Bxf6 Qxf6 23. g4 Nb3 24. Rab1 Qg5 25. gxh5 gxh5 26. Nc1 Nd2 27. f4 exf4 28.
Qxd2 Re3 29. Rf3 Be5 30. Rxb7 1-0

[Event "Xtracon Chess Open 2016"]
[Site "Elsinore"]
[Date "2016.07.30"]
[Round "9.105"]
[White "Schmied, Andreas"]
[Black "Smeby, Ole"]
[Result "1/2-1/2"]
[WhiteElo "1995"]
[BlackElo "1847"]
[PlyCount "164"]
[EventDate "2016.07.23"]

1. d4 Nf6 2. Nf3 e6 3. g3 b6 4. Bg2 Bb7 5. O-O c5 6. c4 cxd4 7. Qxd4 Bc5 8. Qd2
Na6 9. a3 O-O 10. b4 Be7 11. Bb2 Rc8 12. Rc1 Ne4 13. Qe3 Bf6 14. Bxf6 Qxf6 15.
Nbd2 Nd6 16. Qd3 Qe7 17. Rd1 Nb8 18. Rac1 f6 19. e4 Nf7 20. Nb3 Rfd8 21. c5
bxc5 22. Nxc5 Ba8 23. Qb1 Nc6 24. Nd4 Nxd4 25. Rxd4 a5 26. Nd3 axb4 27. axb4
Rxc1+ 28. Qxc1 e5 29. Rc4 Nd6 30. Rc7 Kf8 31. Qe3 Bc6 32. Ra7 Nb5 33. Ra1 Nd4
34. Rb1 Ra8 35. Qd2 Qf7 36. h3 Bb5 37. Nf4 Ra2 38. Rb2 Ra1+ 39. Kh2 Qc4 40. Nd5
Ra3 41. Ne3 Qc6 42. Qd1 g6 43. Nc2 Rd3 44. Nxd4 Rxd4 45. Qe1 Qc4 46. Qe3 Kg7
47. h4 Bc6 48. f3 Bb5 49. Qe1 Qd3 50. Qb1 Qc3 51. Rb3 Qc4 52. Rb2 h5 53. Kg1
Qc3 54. Rb3 Qd2 55. Rb2 Qe3+ 56. Kh2 Rd2 57. Rxd2 Qxd2 58. Kh3 Qf2 59. Kh2 Be2
60. Qg1 Qd4 61. Qxd4 exd4 62. Kg1 Kf7 63. Kf2 Bb5 64. Ke1 Ke7 65. Bf1 Bc6 66.
Bc4 g5 67. Ke2 Kd6 68. Kd3 Ke5 69. Ba6 d5 70. exd5 Bxd5 71. b5 Bxf3 72. b6 Be4+
73. Kc4 gxh4 74. gxh4 d3 75. Kc3 Kf4 76. Bxd3 Bb7 77. Be2 Kg3 78. Bxh5 Kxh4 79.
Bg6 Kg5 80. Bd3 f5 81. Kd4 Kf6 82. Bxf5 Kxf5 1/2-1/2

[Event "Xtracon Chess Open 2016"]
[Site "Elsinore"]
[Date "2016.07.30"]
[Round "9.106"]
[White "Fossan, Benjamin"]
[Black "Garberg, Tore"]
[Result "1-0"]
[WhiteElo "1873"]
[BlackElo "1989"]
[PlyCount "49"]
[EventDate "2016.07.23"]

1. e4 c5 2. Nf3 d6 3. Bb5+ Bd7 4. Bxd7+ Qxd7 5. c4 Nc6 6. d4 cxd4 7. Nxd4 g6 8.
Be3 Bg7 9. Nc3 Nf6 10. f3 Rc8 11. b3 a6 12. Rc1 O-O 13. O-O Nxd4 14. Bxd4 b5
15. cxb5 axb5 16. Qd3 b4 17. Na4 Qb7 18. Qd2 e5 19. Bf2 d5 20. Nc5 Qa8 21. Qxb4
dxe4 22. fxe4 Qxa2 23. Bh4 Qa7 24. Bxf6 Rxc5 25. Qxc5 1-0